000 00877nam a22002177a 4500
005 20170124110208.0
010 _a808827
020 _c00.00
035 _a808827
037 _bCen Lib/Ret
040 _aDPL
_bEN
082 _a181.45
_bSTE
100 _aSteiner, Rudolf
_937830
245 _aOn the Bhagavad gita :
_cby Rudolf Steiner
_btwo lecture series: The Bhagavad gita and the epistles of St. Paul, held in Cologne, 28th December 1912 to 1st January 1913 ; and the Occult foundations of the Bhagavad Gita, held in Helsinki, 28th May to 5th June 1913 /
260 _aBombay
_bShakuntala Publishing House
270 _bBombay
_e400020
_aMarker Bhavan No.1, New Marine Lines 1
300 _axii,244p.
_c16cm(Hb)
650 _aJesus Christ -- Theosophical interpretations
_937831
650 _aBhagavadgītā
_937832
942 _2ddc
_cEN
_h181.45
_mSTE
999 _c133395
_d133395